Navegación theorica y practica. (Record no. 8342)

MARC details
000 -CABECERA
campo de control de longitud fija 01058nam a2200301 a 4500
001 - NÚMERO DE CONTROL
campo de control BRCA_8687
005 - FECHA Y HORA DE LA ÚLTIMA TRANSACCIÓN
campo de control 20190320210352.0
008 - DATOS DE LONGITUD FIJA--INFORMACIÓN GENERAL
campo de control de longitud fija 081216s1763----sp-a######---#000-0#sp--#
041 ## - CÓDIGO DE LENGUA
Código de lengua del texto/banda sonora o título independiente spa
044 ## - CÓDIGO DEL PAÍS DE LA ENTIDAD EDITORA/PRODUCTORA
Código MARC del país sp
050 #4 - SIGNATURA TOPOGRÁFICA DE LA BIBLIOTECA DEL CONGRESO
Número de clasificación VK553
Número de documento/Ítem .N38
-- 1763
245 10 - MENCIÓN DE TÍTULO
Título Navegación theorica y practica.
260 ## - PUBLICACIÓN, DISTRIBUCIÓN, ETC.
Lugar de publicación, distribución, etc. [s.l.]
Nombre del editor, distribuidor, etc. [s.i.]
Fecha de publicación, distribución, etc. 1763
300 ## - DESCRIPCIÓN FÍSICA
Extensión 171 p.
Otras características físicas il.
Dimensiones 30 cm
500 ## - NOTA GENERAL
Nota general Fondo antiguo
500 ## - NOTA GENERAL
Nota general Se encuentra en Caja Fuerte
500 ## - NOTA GENERAL
Nota general BM-2
500 ## - NOTA GENERAL
Nota general Con dedicatoria: a la Virgen más pura madre del mejor hijo reyna de cielos y tierra María ssma. de la azumpcion
500 ## - NOTA GENERAL
Nota general Incluye índice de lo que contiene este libro
500 ## - NOTA GENERAL
Nota general Texto en manuscrito
500 ## - NOTA GENERAL
Nota general Incluye tablas
500 ## - NOTA GENERAL
Nota general Estado físico: se observa daño por polilla
500 ## - NOTA GENERAL
Nota general Nota de encuadernación: piel pergamino, tapas y lomo deteriodado
506 0# - NOTA DE RESTRICCIONES AL ACCESO
Limitaciones de acceso Fondo reservado: para su consulta es necesario credencial de usuario y carta de motivos
650 14 - PUNTO DE ACCESO ADICIONAL DE MATERIA--TÉRMINO DE MATERIA
Término de materia o nombre geográfico como elemento de entrada Navegación
Término indicativo de función/relación Trabajos anteriores a 1800
9 (RLIN) 15772
902 ## - CATALOGADOR
Iniciales LAR
942 ## - ELEMENTOS DE PUNTO DE ACCESO ADICIONAL (KOHA)
Fuente del sistema de clasificación o colocación Library of Congress Classification
Tipo de ítem Koha Libros
Holdings
Estado de retiro Estado de pérdida Estado dañado No para préstamo Localización permanente Ubicación/localización actual Fecha de adquisición Número de inventario Total de préstamos Signatura topográfica completa Código de barras Fecha visto por última vez Fecha del último préstamo Precio válido a partir de Tipo de ítem Koha
El ejemplar forma parte de la colección y puede ser consultado según las políticas vigentes.       Biblioteca del Museo Franz Mayer (Rogerio Casas-Alatriste) Biblioteca del Museo Franz Mayer (Rogerio Casas-Alatriste) 08/12/2016 BM-2 2 VK553 .N38 1763 (BM-2) LAR00182 08/10/2021 08/10/2021 22/03/2019 Libros